LDR 00495naa#a2200169#i#450# 001 EN\\bibl\113337 005 20260604013846.4 011 ## _a0536-101X 100 ## _a20250829b2025####ek#y0engy0150####ca 101 0# _aRUS 102 ## _aRU 200 1# _aApplication of BIM technology for automated 3D identification of real estate objects _eJournal article 210 1# _aMoscow _cMIIGAiK _d2025 215 ## _a12 с. 608 ## _aJournal article _2local 700 #1 _aGura _gDmitry Andreevich 856 4# _amiigaik.editorum.ru _u